Curassows, Chickenlike birds and New World Quail of North America - Statistics

General Stats
  • This quiz has been taken 16 times
  • The average score is 12 of 24
Answer Stats
Picture Answer % Correct
Wild Turkey
91%
California Quail
82%
Chukar
64%
Montezuma Quail
64%
Mountain Quail
64%
Gray Partridge
55%
Plain Chachalaca
55%
Rock Ptarmigan
55%
Ruffed Grouse
55%
Willow Ptarmigan
55%
Dusky Grouse
45%
Gambel's Quail
45%
Greater Sage-Grouse
45%
Gunnison Sage-Grouse
45%
Himalayan Snowcock
45%
Northern Bobwhite
45%
Scaled Quail
45%
Spruce Grouse
45%
White-Tailed Ptarmigan
45%
Greater Prairie-Chicken
36%
Lesser Prairie-Chicken
36%
Sharp-Tailed Grouse
36%
Sooty Grouse
36%
Ring-Necked Pheasent
0%
No matching quizzes found
Score Distribution
Percent of People with Each Score
Percentile by Number Answered
Your Score History
You have not taken this quiz